General studies (paper-1): (Record no. 139305)

MARC details
000 -LEADER
fixed length control field 00736nam a22001817a 4500
005 - DATE AND TIME OF LATEST TRANSACTION
control field 20170427115338.0
020 ## - INTERNATIONAL STANDARD BOOK NUMBER
International Standard Book Number 9789383454938
Terms of availability 1495.00
035 ## - SYSTEM CONTROL NUMBER
System control number B-665224
037 ## - SOURCE OF ACQUISITION
Source of stock number/acquisition Asian Book Centre/Ven
082 ## - DEWEY DECIMAL CLASSIFICATION NUMBER
Classification number 000
245 ## - TITLE STATEMENT
Title General studies (paper-1):
Remainder of title for civil services main examination 2017/
Statement of responsibility, etc by Majid Husain...[et...a.]
260 ## - PUBLICATION, DISTRIBUTION, ETC. (IMPRINT)
Place of publication, distribution, etc New Delhi
Name of publisher, distributor, etc Access Pub.
Date of publication, distribution, etc 2017
270 ## - ADDRESS
Address H.No.8, Nagin Lake Apartment, Paschim Vihar,
City New Delhi
Postal code 110087
300 ## - PHYSICAL DESCRIPTION
Extent various pagings
Dimensions 25cm(pbk)
490 ## - SERIES STATEMENT
Series statement CATAPULT test prep series
942 ## - ADDED ENTRY ELEMENTS (KOHA)
Source of classification or shelving scheme Dewey Decimal Classification
Item type English Books
Call number suffix GEN
Classification part 000
Holdings
Withdrawn status Lost status Not for loan Collection code Home library Current library Date acquired Source of acquisition Cost, normal purchase price Full call number Barcode Copy number Cost, replacement price Koha item type
      Non-fiction Ashok Vihar Ashok Vihar 27/04/2017 BPPD/EN/2014-15/AV/16-17/387/15.2.2017/5059/1.3.2017/ 7.3.2017 1495.00 000 GEN B-665224 1 1495.00 English Books

© Delhi Public Library
Hit Counter
free hit counter